Advanced management accounting

Contains leading-edge treatment of innovative management accounting issues used by major companies throughout the world. Advanced Management Accounting provides a systematic management- oriented approach to advanced management topics. Each chapter is accompanied by cases to illustrate the concepts d...

Fuld beskrivelse

Đã lưu trong:
Bibliografiske detaljer
Hovedforfatter: Kaplan, Robert S.
Format: Bog
Sprog:Undetermined
Udgivet: London Prentice-Hall 1989
Fag:
Tags: Tilføj Tag
Ingen Tags, Vær først til at tagge denne postø!
Thư viện lưu trữ: Trung tâm Học liệu Trường Đại học Cần Thơ
LEADER 01160nam a2200193Ia 4500
001 CTU_23669
008 210402s9999 xx 000 0 und d
082 |a 658 
082 |b K17 
100 |a Kaplan, Robert S. 
245 0 |a Advanced management accounting 
245 0 |c Robert S. Kaplan, Anthony A. Atkinson 
260 |a London 
260 |b Prentice-Hall 
260 |c 1989 
520 |a Contains leading-edge treatment of innovative management accounting issues used by major companies throughout the world. Advanced Management Accounting provides a systematic management- oriented approach to advanced management topics. Each chapter is accompanied by cases to illustrate the concepts discussed. Written by an authoritative author team known for establishing innovative business standards. Includes an updated chapter on Transfer Pricing to reflect more modern approaches in addition to an entire chapter on Economic Value Added (EVA). Appropriate for business professionals involved in cost accounting and/or management. 
650 |a Managerial accounting 
904 |i Phượng, 980509 
980 |a Trung tâm Học liệu Trường Đại học Cần Thơ